000
00317nam a2200121Ia 4500
008
190216s9999||||xx |||||||||||||| ||und||
100
_a
Thomas J. Enright
245
0
_a
Representations Of Complex Semi-Simple Lie Groups
250
_a
1st Ed.
260
_b
Null
_c
1981
650
_a
Mathematical Geography
942
_c
BK
999
_c
30959
_d
30959